[Event "St Veit op 42nd"]
[Site "St Veit"]
[Date "2023.07.08"]
[Round "1"]
[White "Wallner, Dieter"]
[Black "Fahrner, Kurt"]
[Result "0-1"]
[WhiteElo "1960"]
[BlackElo "2260"]
[PlyCount "108"]
[EventDate "2023.07.08"]
[EventType "swiss"]
[EventRounds "9"]
[EventCountry "AUT"]
[SourceTitle "CBM 215 Extra"]
[Source "ChessBase"]
[SourceDate "2023.09.30"]
[SourceVersion "1"]
[SourceVersionDate "2023.09.30"]
[SourceQuality "1"]

1. d4 d6 2. e4 Nf6 3. Nc3 e5 4. Nf3 Nbd7 5. Rg1 exd4 6. Nxd4 Nc5 7. Qe2 Qe7 8. f3 Bd7 9. Be3 g6 10. g4 c6 11. h4 0-0-0 12. Nb3 Ne8 13. Nxc5 dxc5 14. 0-0-0 Nc7 15. Qf2 b6 16. Bg5 f6 17. Bf4 Be6 18. Be2 Bg7 19. a4 Rhe8 20. a5 Kb7 21. Na4 Bf8 22. b4 Bf7 23. bxc5 b5 24. Nb2 Qxc5 25. Qxc5 Bxc5 26. Rxd8 Rxd8 27. Rd1 Rxd1+ 28. Bxd1 Ne6 29. Bd2 Bf2 30. c4 Nc5 31. cxb5 cxb5 32. Bc3 Bxh4 33. Be2 a6 34. Nd3 Nxd3+ 35. Bxd3 Bc4 36. Bxc4 bxc4 37. f4 Bg3 38. f5 gxf5 39. exf5 Bh4 40. Bd2 Kc6 41. Kc2 Kd5 42. Kc3 Bg3 43. Kb4 Bd6+ 44. Ka4 Be5 45. Kb4 c3 46. Bxc3 Bxc3+ 47. Kxc3 Ke4 48. Kc4 Kf4 49. Kc5 Kxg4 50. Kb6 h5 51. Kxa6 h4 52. Kb7 h3 53. a6 h2 54. a7 h1Q+ 0-1

[Event "EU-chT Seniors 50"]
[Site "Dresden"]
[Date "2022.11.04"]
[Round "9.3"]
[White "Volkmer, Andreas"]
[Black "Wallner, Dieter"]
[Result "1/2-1/2"]
[WhiteElo "2175"]
[BlackElo "1966"]
[PlyCount "94"]
[EventDate "2022.10.27"]
[EventType "team-swiss"]
[EventRounds "9"]
[EventCountry "GER"]
[SourceTitle "EXT 2024"]
[Source "ChessBase"]
[SourceDate "2023.10.10"]
[SourceVersion "1"]
[SourceVersionDate "2023.10.10"]
[SourceQuality "1"]
[WhiteTeam "Berlin 50 II"]
[BlackTeam "Graz 50"]
[WhiteTeamCountry "GER"]
[BlackTeamCountry "AUT"]

1. g3 d5 2. Bg2 c6 3. d3 e5 4. Nf3 Bd6 5. e4 Nf6 6. Nc3 d4 7. Ne2 c5 8. 0-0 Nc6 9. h3 h6 10. Nd2 Bd7 11. f4 Qe7 12. Nc4 Bc7 13. a4 b6 14. c3 dxc3 15. bxc3 Rd8 16. Qc2 0-0 17. f5 Bc8 18. Na3 Rd7 19. Nb5 Rfd8 20. Rd1 Bb8 21. Be3 Ba6 22. g4 Ne8 23. Ng3 c4 24. dxc4 Na5 25. Bf1 Nd6 26. c5 Ndc4 27. Rxd7 Rxd7 28. Qf2 Nxe3 29. Qxe3 bxc5 30. Rb1 c4 31. Be2 Rb7 32. Kg2 Bd6 33. f6 Qxf6 34. Nf5 Bf8 35. Rf1 Qb6 36. g5 Qxe3 37. Nxe3 Bxb5 38. axb5 Rxb5 39. Nxc4 hxg5 40. Nxa5 Rxa5 41. Bc4 Rc5 42. Bxf7+ Kh7 43. Be6 Be7 44. Ra1 Rxc3 45. Rxa7 Bf6 46. Bf5+ Kg8 47. Bg6 Rd3 1/2-1/2

[Event "Schilcherland op 3rd"]
[Site "Deutschlandsberg"]
[Date "2019.12.30"]
[Round "4"]
[White "Drnovsek, Gal"]
[Black "Wallner, Dieter"]
[Result "1-0"]
[WhiteElo "2388"]
[BlackElo "2118"]
[PlyCount "63"]
[EventDate "2019.12.28"]
[EventType "swiss"]
[EventRounds "9"]
[EventCountry "AUT"]
[SourceTitle "CBM 194 Extra"]
[Source "ChessBase"]
[SourceDate "2020.03.31"]
[SourceVersion "1"]
[SourceVersionDate "2020.03.31"]
[SourceQuality "1"]

1. Nf3 d5 2. g3 Nf6 3. Bg2 Bf5 4. c4 c6 5. cxd5 cxd5 6. Qb3 Nc6 7. Qxb7 Bd7 8. Qb3 e5 9. 0-0 e4 10. Ne1 h5 11. d3 h4 12. dxe4 Rb8 13. Qc2 dxe4 14. Nc3 hxg3 15. hxg3 Nd4 16. Qd1 Qa5 17. e3 Bg4 18. Qxd4 Qh5 19. f3 Bc5 20. Qa4+ Bd7 21. Qc2 Qh2+ 22. Kf2 exf3 23. Nxf3 Ng4+ 24. Ke1 Qxg3+ 25. Kd1 Rd8 26. Nd4 Rh2 27. Qe4+ Be6 28. Qc6+ Rd7 29. Qc8+ Rd8 30. Bc6+ Ke7 31. Nd5+ Bxd5 32. Nf5+ 1-0

[Event "Graz op-A"]
[Site "Graz"]
[Date "2018.02.17"]
[Round "1"]
[White "Wallner, Dieter"]
[Black "Lewtak, Damian"]
[Result "1-0"]
[WhiteElo "2075"]
[BlackElo "2387"]
[PlyCount "81"]
[EventDate "2018.02.17"]
[EventType "swiss"]
[EventRounds "9"]
[EventCountry "AUT"]
[SourceTitle "CBM 183 Extra"]
[Source "ChessBase"]
[SourceDate "2018.04.19"]
[SourceVersion "1"]
[SourceVersionDate "2018.04.19"]
[SourceQuality "1"]

1. d4 Nf6 2. c4 e6 3. Nf3 b6 4. g3 Ba6 5. b3 d5 6. Bg2 Bb4+ 7. Bd2 Be7 8. Qc2 0-0 9. 0-0 c6 10. a4 c5 11. dxc5 bxc5 12. Na3 Nc6 13. Nb5 Rc8 14. Rfd1 Qb6 15. Be1 Rfd8 16. Bh3 Nd4 17. Qb2 Nxf3+ 18. exf3 d4 19. Qe2 Qb8 20. Bxe6 Rc6 21. Bd5 Rxd5 22. cxd5 Nxd5 23. Qe4 Qd8 24. Ba5 Qd7 25. Re1 Re6 26. Qd3 Rh6 27. Bd2 g5 28. h4 Bc8 29. hxg5 Rh5 30. g4 Rh4 31. Qf5 Qb7 32. Qe4 Bd7 33. Bf4 Bc6 34. Bg3 Rh3 35. Qe5 a6 36. Nd6 Qxb3 37. Rab1 Rh1+ 38. Kxh1 Qxf3+ 39. Kh2 Ne3 40. Rb8+ Bf8 41. Rxf8+ 1-0

[Event "AUT-ch"]
[Site "Graz"]
[Date "2017.08.20"]
[Round "9"]
[White "Wallner, Dieter"]
[Black "Goessler, Markus"]
[Result "0-1"]
[WhiteElo "2082"]
[BlackElo "2170"]
[PlyCount "42"]
[EventDate "2017.08.12"]
[EventType "swiss"]
[EventRounds "9"]
[EventCountry "AUT"]
[SourceTitle "CBM 180 Extra"]
[Source "ChessBase"]
[SourceDate "2017.10.06"]
[SourceVersion "1"]
[SourceVersionDate "2017.10.06"]
[SourceQuality "1"]

1. e4 e5 2. Nf3 Nc6 3. d4 exd4 4. c3 d5 5. exd5 Qxd5 6. cxd4 Bg4 7. Nc3 Bb4 8. Be2 Bxf3 9. Bxf3 Qc4 10. Bxc6+ bxc6 11. Qe2+ Qxe2+ 12. Kxe2 0-0-0 13. Be3 Nf6 14. Rac1 Rhe8 15. Kf3 Rd6 16. g4 Nd5 17. Nxd5 cxd5 18. Bf4 Rf6 19. Rxc7+ Kd8 20. Rhc1 Rxf4+ 21. Kxf4 Bd6+ 0-1

[Event "Graz op"]
[Site "Graz"]
[Date "2015.09.05"]
[Round "8"]
[White "Wallner, Dieter"]
[Black "Kapus, Florian"]
[Result "0-1"]
[WhiteElo "2145"]
[BlackElo "1920"]
[PlyCount "120"]
[EventDate "2015.08.29"]
[EventType "swiss"]
[EventRounds "9"]
[EventCountry "AUT"]
[SourceTitle "EXT 2016"]
[Source "ChessBase"]
[SourceDate "2015.10.08"]
[SourceVersion "1"]
[SourceVersionDate "2015.10.08"]
[SourceQuality "1"]

1. d4 Nf6 2. c4 e6 3. Nf3 b6 4. g3 Ba6 5. b3 Bb4+ 6. Bd2 Be7 7. Bg2 c6 8. Bc3 0-0 9. 0-0 d5 10. Ne5 Nfd7 11. Nxd7 Nxd7 12. Nd2 Nf6 13. Re1 b5 14. e4 bxc4 15. e5 Nd7 16. bxc4 Rb8 17. Qa4 Qc8 18. c5 Bb5 19. Qc2 Qa6 20. Re3 Nxc5 21. dxc5 Bxc5 22. Ree1 Bd3 23. Bf1 Bxf2+ 24. Kg2 Bxc2 25. Bxa6 Bxe1 26. Rxe1 Rb6 27. Bf1 c5 28. Rc1 Ba4 29. Ba5 Rc6 30. Nb3 Rfc8 31. Kf3 f6 32. exf6 gxf6 33. Kf4 Kf7 34. Be2 e5+ 35. Ke3 Ke6 36. g4 c4 37. Nd2 Ra6 38. Bb4 Bb5 39. a3 Rac6 40. Bd1 d4+ 41. Kf3 f5 42. Nf1 fxg4+ 43. Kxg4 Kd5 44. Kf5 e4 45. Bh5 R6c7 46. Ng3 Be8 47. Ne2 Bg6+ 48. Bxg6 hxg6+ 49. Kxg6 e3 50. Kf5 Rf7+ 51. Kg6 Rf2 52. Ng3 Rxh2 53. Nf5 Rg2+ 54. Kf6 Rf2 55. Rg1 Rc6+ 56. Kg5 Re6 57. Rg4 Re4 58. Ne7+ Rxe7 59. Bxe7 e2 60. Bb4 c3 0-1

[Event "Graz op-A"]
[Site "Graz"]
[Date "2015.02.19"]
[Round "8"]
[White "Freitag, Manfred"]
[Black "Wallner, Dieter"]
[Result "1-0"]
[WhiteElo "2388"]
[BlackElo "2082"]
[PlyCount "117"]
[EventDate "2015.02.13"]
[EventType "swiss"]
[EventRounds "9"]
[EventCountry "AUT"]
[SourceTitle "CBM 164 Extra"]
[Source "ChessBase"]
[SourceDate "2015.03.02"]
[SourceVersion "1"]
[SourceVersionDate "2015.03.02"]
[SourceQuality "1"]

1. d4 Nf6 2. Nf3 e6 3. g3 b5 4. Bg2 Bb7 5. 0-0 c5 6. c3 d5 7. a4 b4 8. cxb4 cxb4 9. a5 Be7 10. Ne5 0-0 11. Bg5 Na6 12. Nd2 Rc8 13. Qa4 Qe8 14. Qxe8 Rfxe8 15. Rfc1 h6 16. Bxf6 gxf6 17. Nd3 f5 18. e3 Bc6 19. Bf1 Bb5 20. Ne5 Bxf1 21. Kxf1 Nb8 22. Nb3 f6 23. Nd3 Na6 24. Ke2 Kf7 25. Kd1 Bd6 26. Nbc5 Nxc5 27. Nxc5 Bxc5 28. Rxc5 Rxc5 29. dxc5 Rc8 30. Kc2 Rxc5+ 31. Kb3 a6 32. Kxb4 Rb5+ 33. Kc3 Rc5+ 34. Kd3 Rb5 35. Ra2 Ke7 36. Kc2 Rc5+ 37. Kb1 Kd6 38. b3 Rb5 39. Kb2 e5 40. Ra4 e4 41. b4 Ke5 42. Kc3 Rb8 43. Ra1 Rc8+ 44. Kb3 d4 45. exd4+ Kxd4 46. Rd1+ Ke5 47. Rd7 f4 48. gxf4+ Kxf4 49. Rd6 f5 50. Rxa6 h5 51. Re6 Rc1 52. a6 Rb1+ 53. Kc3 Kf3 54. Re5 f4 55. a7 Rc1+ 56. Kd2 Ra1 57. Ra5 e3+ 58. fxe3 fxe3+ 59. Kc2 1-0

[Event "Graz Casino op-A"]
[Site "Graz"]
[Date "2014.02.19"]
[Round "7"]
[White "Perdomo Araujo, Angel Eduardo"]
[Black "Wallner, Dieter"]
[Result "1/2-1/2"]
[WhiteElo "2010"]
[BlackElo "2085"]
[PlyCount "86"]
[EventDate "2014.02.14"]
[EventType "swiss"]
[EventRounds "9"]
[EventCountry "AUT"]
[SourceTitle "CBM 158 Extra"]
[Source "ChessBase"]
[SourceDate "2014.02.28"]
[SourceVersion "1"]
[SourceVersionDate "2014.02.28"]
[SourceQuality "1"]

1. a3 d5 2. e3 Nf6 3. d4 Bf5 4. Nf3 c6 5. c4 e6 6. Nc3 Nbd7 7. Be2 h6 8. 0-0 Bd6 9. b4 Ne4 10. Nxe4 Bxe4 11. Nd2 Bf5 12. b5 cxb5 13. cxd5 exd5 14. Bxb5 0-0 15. Qf3 Be6 16. a4 Nf6 17. h3 Qe7 18. Bb2 Rac8 19. Rfc1 Bb4 20. Qe2 Bf5 21. Nf3 Ne4 22. Bd3 a6 23. Qd1 Rfe8 24. Rxc8 Rxc8 25. Qb3 Rd8 26. Rc1 Be6 27. Ne5 Bd6 28. Nf3 g5 29. Ne5 f6 30. Nf3 h5 31. h4 g4 32. Ne1 g3 33. f4 Nf2 34. Be2 Bf7 35. Nf3 Re8 36. Rc3 Bxf4 37. Ba3 Qe4 38. Nd2 Qe6 39. Nf1 Bb8 40. Qxb7 Qf5 41. Bf3 Nh3+ 42. Kh1 Nf2+ 43. Kg1 Nh3+ 1/2-1/2

[Event "Graz Casino op-A"]
[Site "Graz"]
[Date "2014.02.17"]
[Round "5"]
[White "Petschar, Kurt"]
[Black "Wallner, Dieter"]
[Result "1/2-1/2"]
[WhiteElo "2317"]
[BlackElo "2085"]
[PlyCount "55"]
[EventDate "2014.02.14"]
[EventType "swiss"]
[EventRounds "9"]
[EventCountry "AUT"]
[SourceTitle "CBM 158 Extra"]
[Source "ChessBase"]
[SourceDate "2014.02.28"]
[SourceVersion "1"]
[SourceVersionDate "2014.02.28"]
[SourceQuality "1"]

1. c4 c6 2. Nf3 d5 3. e3 Nf6 4. Nc3 Bf5 5. cxd5 Nxd5 6. d3 e6 7. e4 Nxc3 8. bxc3 Bg6 9. Rb1 b6 10. Ne5 Bd6 11. Nc4 Be7 12. Be2 Nd7 13. 0-0 0-0 14. f4 h6 15. a4 a6 16. Ne3 b5 17. f5 exf5 18. Nxf5 Bxf5 19. Rxf5 Nc5 20. axb5 axb5 21. Be3 Ne6 22. d4 Ra3 23. d5 cxd5 24. exd5 Rxc3 25. dxe6 Qxd1+ 26. Rxd1 Rxe3 27. exf7+ Rxf7 28. Rxf7 1/2-1/2

[Event "Graz Casino op-A"]
[Site "Graz"]
[Date "2014.02.14"]
[Round "1"]
[White "Santiago, Yago de Moura"]
[Black "Wallner, Dieter"]
[Result "1-0"]
[WhiteElo "2451"]
[BlackElo "2085"]
[PlyCount "53"]
[EventDate "2014.02.14"]
[EventType "swiss"]
[EventRounds "9"]
[EventCountry "AUT"]
[SourceTitle "CBM 158 Extra"]
[Source "ChessBase"]
[SourceDate "2014.02.28"]
[SourceVersion "1"]
[SourceVersionDate "2014.02.28"]
[SourceQuality "1"]

1. d4 d5 2. c4 c6 3. Nc3 Nf6 4. Nf3 dxc4 5. a4 Bf5 6. Ne5 Nbd7 7. Nxc4 Qc7 8. g3 e5 9. dxe5 Nxe5 10. Bf4 Nfd7 11. Bg2 g5 12. Ne3 gxf4 13. Nxf5 0-0-0 14. Qc2 Bb4 15. 0-0 h5 16. Qe4 Bxc3 17. bxc3 Ng6 18. a5 a6 19. Qb4 Nf6 20. c4 Qe5 21. Rab1 Rd7 22. Bxc6 bxc6 23. Qb6 Rc7 24. Rfd1 Nd5 25. cxd5 cxd5 26. Nd6+ Kd7 27. Nxf7 1-0

[Event "Graz op 20th"]
[Site "Graz"]
[Date "2013.08.28"]
[Round "5"]
[White "Wallner, Dieter"]
[Black "Murko, David"]
[Result "1/2-1/2"]
[WhiteElo "2097"]
[BlackElo "1792"]
[PlyCount "139"]
[EventDate "2013.08.24"]
[EventType "swiss"]
[EventRounds "9"]
[EventCountry "AUT"]
[SourceTitle "CBM 156 Extra"]
[Source "ChessBase"]
[SourceDate "2013.10.22"]
[SourceVersion "1"]
[SourceVersionDate "2013.10.22"]
[SourceQuality "1"]

1. d4 d5 2. c4 e6 3. Nf3 c6 4. Qc2 Nf6 5. g3 dxc4 6. Qxc4 b5 7. Qc2 Bb7 8. Bg2 Nbd7 9. 0-0 c5 10. dxc5 Bxc5 11. Nc3 Qb6 12. Bd2 0-0 13. Qb3 a6 14. a4 b4 15. a5 Qa7 16. Na4 Bd5 17. Qd1 Be7 18. Be3 Qb7 19. Ne1 Rfd8 20. Qb1 Rac8 21. f3 Bc4 22. Nd3 Nd5 23. Bf2 Qb5 24. b3 Bxd3 25. Qxd3 Qxd3 26. exd3 Nc3 27. Nb6 Rb8 28. Kh1 Nc5 29. Bxc5 Bxc5 30. Nc4 Rxd3 31. f4 Nb5 32. Ne5 Rxb3 33. Nd7 Rc8 34. Bb7 Rc7 35. Nxc5 Rxc5 36. Bxa6 Na3 37. Rfc1 Rbc3 38. Rxc3 bxc3 39. Rc1 Kf8 40. Bb7 Ke7 41. a6 Nb5 42. Kg2 Kd6 43. Kf2 Kc7 44. Ke3 Nd6 45. Kd4 Nxb7 46. axb7 Rc6 47. Rxc3 Rxc3 48. b8Q+ Kxb8 49. Kxc3 Kc7 50. Kc4 Kd6 51. Kd4 f6 52. g4 e5+ 53. Ke4 exf4 54. Kxf4 g6 55. Ke4 Ke6 56. Kd4 f5 57. gxf5+ Kxf5 58. Ke3 Kg4 59. Kf2 Kh3 60. Kg1 g5 61. Kh1 h5 62. Kg1 Kg4 63. Kg2 Kf4 64. Kf2 g4 65. Kg2 h4 66. Kf2 Ke4 67. Kg2 Ke3 68. Kg1 Kf3 69. Kh1 g3 70. Kg1 1/2-1/2

[Event "Graz op 20th"]
[Site "Graz"]
[Date "2013.08.25"]
[Round "2"]
[White "Neubauer, Anton"]
[Black "Wallner, Dieter"]
[Result "1/2-1/2"]
[WhiteElo "1875"]
[BlackElo "2097"]
[PlyCount "39"]
[EventDate "2013.08.24"]
[EventType "swiss"]
[EventRounds "9"]
[EventCountry "AUT"]
[SourceTitle "CBM 156 Extra"]
[Source "ChessBase"]
[SourceDate "2013.10.22"]
[SourceVersion "1"]
[SourceVersionDate "2013.10.22"]
[SourceQuality "1"]

1. e4 c6 2. d4 d5 3. e5 c5 4. dxc5 e6 5. Be3 Nh6 6. Nf3 Nd7 7. Bb5 Nf5 8. Bg5 Qa5+ 9. Nc3 Bxc5 10. 0-0 h6 11. Bd2 Qd8 12. Na4 Be7 13. Re1 0-0 14. Bd3 Nc5 15. Nxc5 Bxc5 16. c3 Qb6 17. Re2 Qxb2 18. Bxh6 Qxc3 19. Rc2 Qa5 20. Bg5 1/2-1/2

[Event "Graz op 20th"]
[Site "Graz"]
[Date "2013.08.24"]
[Round "1"]
[White "Wallner, Dieter"]
[Black "Poetz, Florian"]
[Result "0-1"]
[WhiteElo "2097"]
[BlackElo "2417"]
[PlyCount "76"]
[EventDate "2013.08.24"]
[EventType "swiss"]
[EventRounds "9"]
[EventCountry "AUT"]
[SourceTitle "CBM 156 Extra"]
[Source "ChessBase"]
[SourceDate "2013.10.22"]
[SourceVersion "1"]
[SourceVersionDate "2013.10.22"]
[SourceQuality "1"]

1. d4 Nf6 2. Nf3 e6 3. Bf4 c5 4. e3 b6 5. Nbd2 Bb7 6. Bd3 Be7 7. h3 0-0 8. c3 d6 9. Qe2 cxd4 10. exd4 Nbd7 11. 0-0 Re8 12. Bg5 a6 13. Rfe1 Nf8 14. a4 Ng6 15. c4 a5 16. Rad1 Rc8 17. b3 Qc7 18. Nf1 Nh5 19. Bxe7 Nhf4 20. Qe3 Qxe7 21. Bxg6 Nxg6 22. d5 Qd8 23. dxe6 Rxe6 24. Qd4 Bxf3 25. Rxe6 Qg5 26. Rxg6 hxg6 27. Ne3 Bxd1 28. Qxd1 Qc5 29. Nd5 Re8 30. Qd2 Re4 31. Qg5 Re1+ 32. Kh2 Qxf2 33. Qd8+ Kh7 34. Qxd6 Qg1+ 35. Kg3 Re2 36. Nf4 Re3+ 37. Kg4 Qf2 38. Nd5 Qxg2+ 0-1

[Event "Steyr Landesliga 1213"]
[Site "Austria"]
[Date "2013.03.02"]
[Round "7.4"]
[White "Wallner, Dieter"]
[Black "Schieder, Andreas"]
[Result "0-1"]
[WhiteElo "2127"]
[BlackElo "2129"]
[PlyCount "84"]
[EventDate "2012.09.22"]
[EventType "team-tourn"]
[EventRounds "11"]
[EventCountry "AUT"]
[SourceTitle "EXT 2014"]
[Source "ChessBase"]
[SourceDate "2013.11.20"]
[SourceVersion "1"]
[SourceVersionDate "2013.11.20"]
[SourceQuality "1"]
[WhiteTeam "Liezen Admont"]
[BlackTeam "Pinggau Friedberg"]
[WhiteTeamCountry "AUT"]
[BlackTeamCountry "AUT"]

1. d4 Nf6 2. Nf3 g6 3. Bf4 c5 4. c3 b6 5. e3 Bb7 6. Be2 Bg7 7. 0-0 d6 8. h3 Nbd7 9. a4 a6 10. Nbd2 h6 11. Re1 Qc7 12. Qb1 g5 13. Bh2 g4 14. hxg4 Nxg4 15. Bg3 h5 16. Nh4 Bf6 17. Bf3 Rg8 18. Bxb7 Qxb7 19. Qe4 d5 20. Qf3 Bg5 21. Rad1 Ndf6 22. b4 Ne4 23. Nxe4 dxe4 24. Qe2 cxb4 25. d5 bxc3 26. Qc4 Nf6 27. Qxc3 Qd7 28. Qe5 Qg4 29. Nf5 Nd7 30. Nd6+ Kf8 31. Qxe4 exd6 32. Bxd6+ Kg7 33. Qb1 Bf6 34. f3 Qg6 35. Qb3 Rac8 36. Re2 Rc3 37. Qb4 Rgc8 38. Bf4 Ne5 39. Bxe5 Bxe5 40. f4 Rc1 41. Rxc1 Rxc1+ 42. Kf2 Bf6 0-1

[Event "Steyr Landesliga 1213"]
[Site "Austria"]
[Date "2013.02.02"]
[Round "6.3"]
[White "Wallner, Dieter"]
[Black "Kastner, Walter"]
[Result "1/2-1/2"]
[WhiteElo "2127"]
[BlackElo "2220"]
[PlyCount "49"]
[EventDate "2012.09.22"]
[EventType "team-tourn"]
[EventRounds "11"]
[EventCountry "AUT"]
[SourceTitle "EXT 2014"]
[Source "ChessBase"]
[SourceDate "2013.11.20"]
[SourceVersion "1"]
[SourceVersionDate "2013.11.20"]
[SourceQuality "1"]
[WhiteTeam "Liezen Admont"]
[BlackTeam "Graz Schachfreunde"]
[WhiteTeamCountry "AUT"]
[BlackTeamCountry "AUT"]

1. d4 d5 2. Nf3 Nf6 3. Bf4 c5 4. e3 Qb6 5. Nc3 Bd7 6. Rb1 g6 7. Be5 cxd4 8. Bxd4 Qa5 9. b4 Qd8 10. Nxd5 Nc6 11. Nxf6+ exf6 12. Bc3 Rc8 13. Bd3 Be7 14. 0-0 0-0 15. Qd2 Qc7 16. b5 Ne5 17. Nxe5 fxe5 18. Bb4 Be6 19. a4 Rfd8 20. Bxe7 Qxe7 21. Qb4 Qxb4 22. Rxb4 f5 23. e4 f4 24. f3 Kf7 25. Kf2 1/2-1/2

[Event "Steyr Landesliga 1213"]
[Site "Austria"]
[Date "2012.09.22"]
[Round "1.4"]
[White "Wallner, Dieter"]
[Black "Ranegger, Martin"]
[Result "1/2-1/2"]
[WhiteElo "2127"]
[BlackElo "2109"]
[PlyCount "45"]
[EventDate "2012.09.22"]
[EventType "team-tourn"]
[EventRounds "11"]
[EventCountry "AUT"]
[SourceTitle "EXT 2014"]
[Source "ChessBase"]
[SourceDate "2013.11.20"]
[SourceVersion "1"]
[SourceVersionDate "2013.11.20"]
[SourceQuality "1"]
[WhiteTeam "Liezen Admont"]
[BlackTeam "Leibnitz"]
[WhiteTeamCountry "AUT"]
[BlackTeamCountry "AUT"]

1. c4 Nf6 2. g3 c5 3. Bg2 g6 4. Nf3 Bg7 5. Nc3 0-0 6. 0-0 Nc6 7. d4 d6 8. dxc5 dxc5 9. Be3 Be6 10. Qa4 Qb6 11. Qb5 Nd7 12. Rfd1 Nd4 13. Nxd4 cxd4 14. Qxb6 Nxb6 15. Bxd4 Nxc4 16. Bxg7 Kxg7 17. b3 Nd6 18. Nd5 Bxd5 19. Bxd5 Rac8 20. Rac1 b6 21. Kf1 Rxc1 22. Rxc1 Rc8 23. Rxc8 1/2-1/2

[Event "Graz op-A 19th"]
[Site "Graz"]
[Date "2012.09.02"]
[Round "9"]
[White "Drnovsek, Nejc"]
[Black "Wallner, Dieter"]
[Result "0-1"]
[WhiteElo "2107"]
[BlackElo "2127"]
[PlyCount "86"]
[EventDate "2012.08.25"]
[EventType "swiss"]
[EventRounds "9"]
[EventCountry "AUT"]
[SourceTitle "CBM 150 Extra"]
[Source "ChessBase"]
[SourceDate "2012.10.19"]
[SourceVersion "1"]
[SourceVersionDate "2012.10.19"]
[SourceQuality "1"]

1. d4 d5 2. c4 c6 3. Nf3 Nf6 4. Nc3 dxc4 5. a4 Bf5 6. e3 e6 7. Bxc4 Bb4 8. 0-0 0-0 9. Qe2 Bg6 10. Ne5 Nbd7 11. Nxg6 hxg6 12. Rd1 Qa5 13. Bd2 e5 14. Be1 Rad8 15. h3 e4 16. Qc2 Nb6 17. Ba2 Rfe8 18. Qb3 Nbd5 19. Rac1 Qb6 20. Qc2 Bd6 21. Bc4 Bb8 22. Ne2 Qc7 23. g3 Qd7 24. Kh2 g5 25. Nc3 Qf5 26. Nxd5 cxd5 27. Be2 g4 28. h4 g5 29. hxg5 Nh7 30. Kg2 Nxg5 31. Ba5 b6 32. Bb4 Kg7 33. Rh1 Rh8 34. Rcf1 Qf3+ 35. Bxf3 gxf3+ 36. Kg1 Rxh1+ 37. Kxh1 Rh8+ 38. Kg1 Nh3+ 39. Kh2 Nf4+ 40. Kg1 Nh3+ 41. Kh2 Nxf2+ 42. Kg1 Rh1+ 43. Kxf2 Rh2+ 0-1

[Event "Graz op-A 19th"]
[Site "Graz"]
[Date "2012.08.30"]
[Round "6"]
[White "Wallner, Dieter"]
[Black "Horvath, Reka"]
[Result "0-1"]
[WhiteElo "2127"]
[BlackElo "2032"]
[PlyCount "90"]
[EventDate "2012.08.25"]
[EventType "swiss"]
[EventRounds "9"]
[EventCountry "AUT"]
[SourceTitle "CBM 150 Extra"]
[Source "ChessBase"]
[SourceDate "2012.10.19"]
[SourceVersion "1"]
[SourceVersionDate "2012.10.19"]
[SourceQuality "1"]

1. d4 Nf6 2. Nf3 g6 3. g3 Bg7 4. Bg2 d5 5. c4 c6 6. cxd5 cxd5 7. 0-0 0-0 8. Nc3 Nc6 9. Ne5 Nxe5 10. dxe5 Ng4 11. Nxd5 e6 12. Nc3 Qb6 13. Qb3 Qxb3 14. axb3 Nxe5 15. Be3 a6 16. Rfd1 Rb8 17. Ba7 Ra8 18. Bb6 Nd7 19. Bc7 Be5 20. Bxe5 Nxe5 21. Ne4 Nc6 22. Nd6 Rb8 23. Nc4 Rd8 24. Rxd8+ Nxd8 25. Rd1 Nc6 26. Nb6 Kg7 27. Rd6 e5 28. Nxc8 Rxc8 29. Bxc6 Rxc6 30. Rxc6 bxc6 31. Kf1 Kf6 32. e4 Ke6 33. Ke2 Kd6 34. b4 c5 35. bxc5+ Kxc5 36. Kd3 Kb4 37. Kc2 Kc4 38. f3 f6 39. f4 Kd4 40. Kb3 Kxe4 41. Kb4 Kf3 42. fxe5 fxe5 43. Ka5 e4 44. b4 e3 45. Kxa6 e2 0-1

[Event "Steyr Landesliga 1112"]
[Site "Austria"]
[Date "2012.04.14"]
[Round "10.5"]
[White "Wallner, Dieter"]
[Black "Raith, Heimo"]
[Result "1/2-1/2"]
[WhiteElo "2130"]
[BlackElo "2086"]
[PlyCount "36"]
[EventDate "2011.09.24"]
[EventType "team-tourn"]
[EventRounds "11"]
[EventCountry "AUT"]
[SourceTitle "EXT 2015"]
[Source "ChessBase"]
[SourceDate "2014.11.20"]
[SourceVersion "1"]
[SourceVersionDate "2014.11.20"]
[SourceQuality "1"]
[WhiteTeam "Liezen Admont"]
[BlackTeam "Weiz"]
[WhiteTeamCountry "AUT"]
[BlackTeamCountry "AUT"]

1. d4 d5 2. Nf3 Nf6 3. g3 g6 4. Bg2 Bg7 5. 0-0 0-0 6. c4 c6 7. b3 Re8 8. Bb2 Ne4 9. Nc3 Nxc3 10. Bxc3 e6 11. Rc1 Nd7 12. e3 f5 13. Re1 b6 14. Bf1 Bb7 15. b4 g5 16. Nd2 Nf6 17. b5 cxb5 18. cxb5 g4 1/2-1/2

[Event "Steyr Landesliga 1112"]
[Site "Austria"]
[Date "2012.01.21"]
[Round "7.3"]
[White "Wallner, Dieter"]
[Black "Schieder, Andreas"]
[Result "1-0"]
[WhiteElo "2130"]
[BlackElo "2160"]
[PlyCount "65"]
[EventDate "2011.09.24"]
[EventType "team-tourn"]
[EventRounds "11"]
[EventCountry "AUT"]
[SourceTitle "EXT 2013"]
[Source "ChessBase"]
[SourceDate "2012.11.22"]
[SourceVersion "1"]
[SourceVersionDate "2012.11.22"]
[SourceQuality "1"]
[WhiteTeam "Liezen Admont"]
[BlackTeam "Pinggau Friedberg"]
[WhiteTeamCountry "AUT"]
[BlackTeamCountry "AUT"]

1. d4 d5 2. Nf3 e6 3. c4 c6 4. Qc2 Bd6 5. g3 f5 6. Bg2 Nf6 7. 0-0 0-0 8. Nc3 Bd7 9. Rb1 Be8 10. cxd5 cxd5 11. Bf4 Bxf4 12. gxf4 Nc6 13. e3 Rc8 14. Rfc1 Bh5 15. Ne1 Ne4 16. f3 Nd6 17. Nd3 Kh8 18. Qf2 Qf6 19. Ne5 Rg8 20. h4 h6 21. Ne2 Nf7 22. Rc3 g5 23. hxg5 hxg5 24. Rbc1 g4 25. fxg4 Bxg4 26. Kf1 Nd6 27. Nxc6 bxc6 28. Rxc6 Rxc6 29. Rxc6 Ne4 30. Bxe4 dxe4 31. Qh2+ Kg7 32. Rc7+ Kf8 33. Qh7 1-0